书目信息 |
| 题名: |
佛教史话
|
|
| 作者: | 魏道儒 著 | |
| 分册: | ||
| 出版信息: | 北京 中国大百科全书出版社 2000 |
|
| 页数: | 163页 | |
| 开本: | 19cm | |
| 丛书名: | 中华文明史话 | |
| 单 册: | ||
| 中图分类: | B949.2 , Z1 | |
| 科图分类: | ||
| 主题词: | 佛教史--中国--古代 , 丛书 | |
| 电子资源: | ||
| ISBN: | 7-5000-6261-3 | |
| 000 | 00872oam2 2200265 450 | |
| 001 | 1551098589 | |
| 005 | 20151110154439.56 | |
| 010 | @a7-5000-6261-3@dCNY10.00 | |
| 100 | @a20001009d2000 em y0chiy0110 ea | |
| 101 | 0 | @achi |
| 102 | @aCN@b110000 | |
| 105 | @ay z 000yd | |
| 200 | 1 | @a佛教史话@9fo jiao shi hua@f魏道儒[著] |
| 210 | @a北京@c中国大百科全书出版社@d2000 | |
| 215 | @a163页@d19cm | |
| 225 | 2 | @a中华文明史话 |
| 330 | @a本书扼要介绍了中国各个历史阶段制约佛教发展的国家宗教政策,佛教的重大事件和变革,主要人物的事迹和思想等;讲述了佛教基本理论的源流和核心内容;还梳理了佛教与中国传统文化相互冲突、协调、融合的复杂关系。 | |
| 461 | 0 | @12001 @a中华文明史话 |
| 606 | 0 | @a佛教史@y中国@z古代 |
| 606 | 0 | @a丛书 |
| 690 | @aB949.2@v5 | |
| 690 | @aZ1@v4 | |
| 701 | 0 | @a魏道儒@9wei dao ru@4著 |
| 801 | 0 | @aCN@bTSSF@c20150115 |
| 905 | @aZUCC@dZ1@eJY27:23 | |
| 佛教史话/魏道儒[著].-北京:中国大百科全书出版社,2000 |
| 163页;19cm.-(中华文明史话) |
| ISBN 7-5000-6261-3:CNY10.00 |
| 本书扼要介绍了中国各个历史阶段制约佛教发展的国家宗教政策,佛教的重大事件和变革,主要人物的事迹和思想等;讲述了佛教基本理论的源流和核心内容;还梳理了佛教与中国传统文化相互冲突、协调、融合的复杂关系。 |
| ● |
| 相关链接 |
|
|
|
|
正题名:佛教史话
索取号:Z1/JY27:23
 
预约/预借
| 序号 | 登录号 | 条形码 | 馆藏地/架位号 | 状态 | 备注 |
| 1 | 7851997 | 278519970 | 学院路分馆/ [索取号:Z1/JY27:23] | 在馆 | |
| 2 | 7851998 | 278519989 | 学院路分馆/ [索取号:Z1/JY27:23] | 在馆 | |
| 3 | 7851999 | 278519998 | 学院路分馆/ [索取号:Z1/JY27:23] | 在馆 | |
| 4 | 7852000 | 278520003 | 学院路分馆/ [索取号:Z1/JY27:23] | 在馆 |